[Event "IECG TE.2006.P.02203 email"]
[Site "IECG email"]
[Date "2006.06.19"]
[Round "?"]
[White "Jordaan, Wayne"]
[Black "Van Scheepen, Frits"]
[Result "1-0"]
[WhiteElo "1705"]
[BlackElo "1483"]
[PlyCount "35"]
[EventDate "2006.06.19"]
[EventType "tourn (corr)"]
[EventRounds "12"]
[SourceTitle "Corr 2024"]
[Source "ChessBase"]
[SourceDate "2023.10.19"]
[SourceVersion "1"]
[SourceVersionDate "2023.10.19"]
[SourceQuality "1"]

1. d4 f5 2. e4 fxe4 3. f3 exf3 4. Nxf3 e6 5. Bd3 h6 6. Bg6+ Ke7 7. Ne5 c6 8. Nf7 Qc7 9. 0-0 Nf6 10. Nxh8 d6 11. Bh5 Nbd7 12. Ng6+ Kd8 13. Bxh6 Nxh5 14. Qxh5 Nf6 15. Qh4 Qf7 16. Nxf8 Qxf8 17. Rxf6 Qxf6 18. Bg5 1-0

[Event "IECG TE.2006.P.02203 email"]
[Site "IECG email"]
[Date "2006.06.19"]
[Round "?"]
[White "Tkalecz Delgado, David Hernan"]
[Black "Van Scheepen, Frits"]
[Result "1-0"]
[WhiteElo "1926"]
[BlackElo "1483"]
[PlyCount "21"]
[EventDate "2006.06.19"]
[EventType "tourn (corr)"]
[EventRounds "12"]
[SourceTitle "Corr 2024"]
[Source "ChessBase"]
[SourceDate "2023.10.19"]
[SourceVersion "1"]
[SourceVersionDate "2023.10.19"]
[SourceQuality "1"]

1. d4 f5 2. e4 fxe4 3. Nc3 d5 4. Qh5+ g6 5. Qxd5 Qxd5 6. Nxd5 Kd8 7. Bf4 Nc6 8. Bxc7+ Kd7 9. Bg3 Bg7 10. 0-0-0 a6 11. Nb6+ 1-0

[Event "IECG TE.2002.P.01103 email"]
[Site "IECG email"]
[Date "2002.12.30"]
[Round "?"]
[White "Van Scheepen, Frits"]
[Black "Koteski, Ljube"]
[Result "0-1"]
[WhiteElo "1700"]
[BlackElo "2048"]
[PlyCount "68"]
[EventDate "2002.12.30"]
[EventType "tourn (corr)"]
[EventRounds "8"]
[SourceTitle "Corr 2008"]
[Source "ChessBase"]
[SourceDate "2008.06.24"]
[SourceVersion "1"]
[SourceVersionDate "2008.06.24"]
[SourceQuality "1"]

1. d4 Nf6 2. c4 c5 3. d5 e6 4. Nc3 exd5 5. cxd5 d6 6. e4 g6 7. Nf3 Bg7 8. Be2 0-0 9. 0-0 Re8 10. Bg5 h6 11. Bh4 g5 12. Bg3 Nxe4 13. Nxe4 Rxe4 14. Rb1 Na6 15. Bd3 Re8 16. a3 Nc7 17. Re1 Rxe1+ 18. Qxe1 Nxd5 19. Qe4 Nf6 20. Qe3 Be6 21. Nd2 Qd7 22. Nc4 d5 23. Ne5 Qe7 24. Nf3 d4 25. Qc1 c4 26. Bf1 Nh5 27. Qe1 Nxg3 28. fxg3 b5 29. b4 Rd8 30. Ne5 Qd6 31. Nf3 d3 32. Nd2 c3 33. Ne4 Qd4+ 34. Kh1 d2 0-1

[Event "IECG TE.2002.P.01103 email"]
[Site "IECG email"]
[Date "2002.12.30"]
[Round "?"]
[White "Van Seben, Edgar"]
[Black "Van Scheepen, Frits"]
[Result "1-0"]
[WhiteElo "2103"]
[BlackElo "1700"]
[PlyCount "55"]
[EventDate "2002.12.30"]
[EventType "tourn (corr)"]
[EventRounds "8"]
[SourceTitle "Corr 2008"]
[Source "ChessBase"]
[SourceDate "2008.06.24"]
[SourceVersion "1"]
[SourceVersionDate "2008.06.24"]
[SourceQuality "1"]

1. d4 Nf6 2. c4 c5 3. d5 e6 4. Nc3 exd5 5. cxd5 d6 6. e4 g6 7. f4 Bg7 8. Bb5+ Nbd7 9. e5 dxe5 10. fxe5 Nh5 11. e6 0-0 12. exd7 Bxd7 13. Bxd7 Qxd7 14. Nge2 Qf5 15. Be3 b6 16. Qd2 Rfe8 17. 0-0-0 a6 18. h3 Qe5 19. Bh6 Bxh6 20. Qxh6 b5 21. g4 Nf6 22. Nf4 b4 23. Rhe1 Qb8 24. Nb1 b3 25. a3 c4 26. Nc3 Qb6 27. Ne4 Nxe4 28. Nh5 1-0

[Event "IECG CP.2002.P.00037 email"]
[Site "IECG email"]
[Date "2002.10.01"]
[Round "?"]
[White "Agnew, George Hartwell"]
[Black "Van Scheepen, Frits"]
[Result "0-1"]
[WhiteElo "1114"]
[BlackElo "1700"]
[PlyCount "82"]
[EventDate "2002.10.01"]
[EventType "tourn (corr)"]
[EventRounds "6"]
[EventCountry "HUN"]
[SourceTitle "Corr 2008"]
[Source "ChessBase"]
[SourceDate "2008.06.24"]
[SourceVersion "1"]
[SourceVersionDate "2008.06.24"]
[SourceQuality "1"]

1. d4 Nf6 2. c4 e6 3. g3 c6 4. Bg2 Be7 5. Nf3 0-0 6. 0-0 d5 7. Nbd2 h6 8. cxd5 exd5 9. Nb3 Bf5 10. Nh4 Be6 11. Nc5 Bxc5 12. dxc5 b5 13. b4 a5 14. Bd2 axb4 15. Bxb4 Nbd7 16. a3 Qc7 17. Qc2 Rfe8 18. a4 bxa4 19. Rxa4 Rxa4 20. Qxa4 Nh7 21. Qc2 Ne5 22. e4 Ng4 23. exd5 cxd5 24. h3 Ne5 25. Rd1 Nc4 26. Nf3 Rb8 27. Rb1 Qc8 28. g4 f5 29. Qd3 fxg4 30. hxg4 Bxg4 31. Qxd5+ Be6 32. Qd1 Nf6 33. Nd4 Bh3 34. Qb3 Bxg2 35. Qxc4+ Bd5 36. Qc1 Qg4+ 37. Kf1 Bg2+ 38. Ke1 Re8+ 39. Kd2 Qxd4+ 40. Kc2 Qc4+ 41. Kb2 Qxb4+ 0-1

[Event "IECG CP.2002.P.00037 email"]
[Site "IECG email"]
[Date "2002.10.01"]
[Round "?"]
[White "Van Scheepen, Frits"]
[Black "Cattermole, John"]
[Result "0-1"]
[WhiteElo "1700"]
[BlackElo "1514"]
[PlyCount "130"]
[EventDate "2002.10.01"]
[EventType "tourn (corr)"]
[EventRounds "6"]
[EventCountry "HUN"]
[SourceTitle "Corr 2008"]
[Source "ChessBase"]
[SourceDate "2008.06.24"]
[SourceVersion "1"]
[SourceVersionDate "2008.06.24"]
[SourceQuality "1"]

1. e4 c6 2. c4 d5 3. cxd5 cxd5 4. exd5 Nf6 5. Bb5+ Nbd7 6. Nc3 a6 7. Ba4 b5 8. Bb3 Nb6 9. h3 Bb7 10. d4 Rc8 11. a3 Nbxd5 12. Nf3 Nxc3 13. bxc3 Rxc3 14. Nh4 e6 15. 0-0 Be7 16. Bb2 Rc7 17. Rc1 Rxc1 18. Qxc1 0-0 19. Qc3 Qd6 20. Nf3 Nd5 21. Qd3 Nf4 22. Qe3 Bf6 23. Rd1 Bd5 24. Bxd5 Nxd5 25. Qe1 Bd8 26. Qe5 Qxe5 27. Nxe5 Bg5 28. Nf3 Bh6 29. Ne5 Rc8 30. Nd3 a5 31. Nc5 Rc7 32. Rd3 a4 33. Rf3 Bf4 34. g3 Bd6 35. Ne4 Be7 36. Rd3 Rc2 37. Rd2 Rxd2 38. Nxd2 b4 39. axb4 Bxb4 40. Nc4 Kf8 41. Ba3 Bxa3 42. Nxa3 f5 43. f4 Kf7 44. Kf2 Kf6 45. h4 h5 46. Ke2 Ke7 47. Kd3 Kd6 48. Nc4+ Kc6 49. Na3 Kb6 50. Kc2 Ka5 51. Kb2 Kb4 52. Nc2+ Kc4 53. Ka3 Kc3 54. Na1 Kxd4 55. Kxa4 Ke4 56. Nc2 e5 57. fxe5 Kxe5 58. Kb5 f4 59. gxf4+ Kxf4 60. Ne1 Kg4 61. Kc5 Nf4 62. Kd4 Kxh4 63. Ke4 g5 64. Nf3+ Kg4 65. Ne5+ Kg3 0-1